Adrià Gual : Institut del Teatre Institut del Teatre
Descripción Física:
1 tríptic : il. col. ; 21 x 15 cm
Materias:
Gual. Adrià, -- 1872-1943 -- Exposicions
MARC
| LEADER | 00000nam a2200000Ia 4500 | ||
|---|---|---|---|
| 001 | 23901, 27040 | ||
| 003 | Arxiu | ||
| 005 | 20260324181055.0 | ||
| 008 | 160829s2013 xx 000 0 cat d | ||
| 017 | |a B 9739-2013 | ||
| 080 | |a FU-62-72 | ||
| 245 | |a Adrià Gual : |b Institut del Teatre | ||
| 260 | |a Barcelona : |b Diputació de Barcelona. Institut del Teatre, |c 2013 | ||
| 300 | |a 1 tríptic : |b il. col. ; |c 21 x 15 cm | ||
| 600 | 1 | 0 | |a Gual. Adrià, |d 1872-1943 |v Exposicions |9 55254 |
| 710 | 1 | |a Institut del Teatre (Barcelona, Catalunya) |9 52662 | |
| 901 | |a Arxiu | ||
| 942 | |n 1 |2 udc |c ARXIU | ||
| 952 | |0 0 |1 0 |4 0 |6 FU6272 |7 1 |9 55267 |a Arxiu |b Arxiu |d 2016-12-01 |l 0 |o FU-62-72 |p 23901 |r 2016-12-01 00:00:00 |w 2016-12-01 |y ARXIU | ||
| 952 | |0 0 |1 0 |2 udc |4 0 |6 FU7370 |7 1 |9 64400 |a Arxiu |b Arxiu |d 2022-11-28 |l 0 |o FU-73-70 |p 27040 |r 2022-11-28 00:00:00 |w 2022-11-28 |y ARXIU | ||
| 999 | |c 59140 |d 59140 | ||